Sports Quiz

Random Sports or MLB Quiz

MLB Hitters: Left-Handed or Right-Handed? Quiz Stats

 Plays Quiz Updated Feb 8, 2019

Support Sporcle.
Go Orange.
Score 0/40 Timer 02:00
6 Plays Today
Hitter Bats: (L) or (R) % Correct
Mark McGwire???
91.1%
Barry Bonds???
90.7%
Derek Jeter???
90.5%
Mike Schmidt???
87.8%
Mike Piazza???
87.7%
Miguel Cabrera???
86.7%
David Wright???
86.7%
Sammy Sosa???
86.3%
Hank Aaron???
85.7%
Vladimir Guerrero???
85.4%
Ichiro Suzuki???
85.4%
David Ortiz???
85.1%
Evan Longoria???
83.4%
Ryan Howard???
82.8%
Ryne Sandberg???
82.5%
Craig Biggio???
81.4%
Willie Mays???
81.2%
Babe Ruth???
80.4%
Joey Votto???
79.8%
Barry Larkin???
79.6%
Hitter Bats: (L) or (R) % Correct
Jeff Bagwell???
78.4%
Robin Yount???
78%
Johnny Damon???
76.1%
Jason Giambi???
75.4%
Ted Williams???
74.8%
Kenny Lofton???
72.5%
Joe DiMaggio???
72.2%
Tony Gwynn???
69%
Rickey Henderson???
68%
Robinson Cano???
67.8%
Lou Gehrig???
66.6%
Al Kaline???
65.2%
Bill Buckner???
65.2%
Wade Boggs???
63.9%
Steve Garvey???
58.8%
Reggie Jackson???
57.9%
Willie Stargell???
53.7%
George Brett???
53.6%
Stan Musial???
52.3%
Duke Snider???
45.4%

You're not logged in!

Compare scores with friends on all Sporcle quizzes.
OR
Log In
Forgot?

From the Vault

The Main Character Dies!

by DarkPhalanx

Movies 6m
In case you didn't guess it from the title...spoiler alert!
Remove Ads.
Support Sporcle.
Get the best of Sporcle when you Go Orange. This ad-free experience offers more features, more stats, and more fun while also helping to support Sporcle. Thank you for becoming a member.

Show Comments

Extras

Top Quizzes Today


Score Distribution

Your Account Isn't Verified!

In order to create a playlist on Sporcle, you need to verify the email address you used during registration. Go to your Sporcle Settings to finish the process.

Report this User

Report this user for behavior that violates our Community Guidelines.

Details: